[Event "Cup HD Bank (open)"]
[Site "masterchessopen.com Ho Chi Minh City (Vietnam)"]
[Date "2012.03.05"]
[Round "6"]
[White "Nguyen Tan Hoang Nam (VIE)"]
[Black "Tong Thai Hung (VIE)"]
[Result "0-1"]
[WhiteElo "1810"]
[BlackElo "2126"]

1.d4 Nf6 2.c4 g6 3.Nf3 Bg7 4.g3 O-O 5.Bg2 d5 6.cxd5 Nxd5 7.e4 Nb6 8.Nc3 Nc6
9.d5 Na5 10.O-O e6 11.Bg5 f6 12.Be3 exd5 13.Nxd5 Nxd5 14.exd5 Nc4 15.Bc5 Re8
16.Rc1 Nb6 17.d6 cxd6 18.Bxd6 Be6 19.b3 Rc8 20.Rxc8 Nxc8 21.Bb4 Qb6 22.Bc3 Bf7
23.Re1 Rxe1+ 24.Nxe1 Qc7 25.Qf3 Ne7 26.Qd3 Nc6 27.Nc2 Ne5 28.Qd4 Nc6 29.Qc5
Qd7 30.Ne3 f5 31.Bxg7 Kxg7 32.Nd5 Qe6 33.h4 Qe5 34.Kh2 Bxd5 35.Bxd5 f4 36.Qc4
fxg3+ 37.fxg3 Qf6 38.Qb5 Ne5 39.Qxb7+ Kh6 40.Qxa7 Ng4+ 41.Kg2 Qb2+ 42.Kf1 Qc1+
43.Kg2 Qd2+ 44.Kh3 Qxd5 45.Qg1 Qe6 46.Qc1+ Ne3+ 47.Kh2 Qe4 48.Qb2 Qf3 49.Qd2
g5 50.Qb2 {#R} 0-1

[Event "Ch Romania (juniors) (under 20)"]
[Site "masterchessopen.com Calimanesti (Romania)"]
[Date "2012.04.02"]
[Round "1"]
[White "Pisu Robert (ROM)"]
[Black "Stanciu Alexandru Ovidiu (ROM)"]
[Result "0-1"]
[WhiteElo "2037"]
[BlackElo "2314"]

1.d4 Nf6 2.Nf3 g6 3.c4 Bg7 4.g3 O-O 5.Bg2 d5 6.cxd5 Nxd5 7.e4 Nb6 8.Nc3 Bg4
9.Be3 Nc4 10.O-O Nc6 11.Ne2 e5 12.d5 Nxe3 13.fxe3 Ne7 14.h3 Bd7 15.Qb3 b6
16.Rac1 c5 17.Ng5 Qe8 18.g4 Nc8 19.Ng3 Nd6 20.Rf2 Qe7 21.Nf3 c4 22.Qa3 Rfc8
23.Rfc2 b5 24.b3 a5 25.bxc4 b4 26.Qb3 Nb7 27.Rf2 Nc5 28.Qc2 Rc7 29.Ne1 Rac8
30.Nd3 Na4 31.Nb2 Nxb2 32.Qxb2 Rxc4 33.Rfc2 Rxc2 34.Rxc2 Rxc2 35.Qxc2 Bf8
36.Bf1 Qc5 37.Qd3 a4 38.Kf2 Bh6 39.Be2 b3 40.axb3 a3 41.Nf1 a2 42.Qa6 Qc2
43.Qa3 Bf8 44.Qa6 Qb2 {#R} 0-1

[Event "It (open)"]
[Site "masterchessopen.com Teplice (Czech Republic)"]
[Date "2012.06.20"]
[Round "5"]
[White "Stastny Petr (CZE)"]
[Black "Hanl Frantisek (CZE)"]
[Result "1-0"]
[WhiteElo "2075"]
[BlackElo "1928"]

1.d4 Nf6 2.Nf3 g6 3.g3 Bg7 4.Bg2 d5 5.c4 O-O 6.cxd5 Nxd5 7.e4 Nb6 8.O-O Bg4
9.Be3 c5 10.e5 cxd4 11.Qxd4 Nc6 12.Qxg4 Qd3 13.Nc3 Nc4 14.Rad1 Nxe3 15.fxe3
Qxe3+ 16.Kh1 Rad8 17.Rde1 Qb6 18.Re2 Rd3 19.Qc4 Rfd8 20.Ng5 e6 21.Bxc6 bxc6
22.Nxf7 R8d7 23.Qxe6 {#r} 1-0